Davide / (Record no. 19245)
[ view plain ]
| 000 -LEADER | |
|---|---|
| campo di controllo lung. fissa | 00933nam a22002777i 4500 |
| 001 - Numero di controllo | |
| campo di controllo | IT\ICCU\SBL\0488180 |
| 003 - Identificatore del numero di controllo | |
| campo di controllo | ItRI |
| 005 - Data e orario dell'ultima transazione | |
| campo di controllo | 20260115232231.0 |
| 008 - Elementi di lunghezza fissa--Informazione generale | |
| campo di controllo lung. fissa | 910930s1958 it |||||| ||||| |||||c |
| 015 ## - Numero della bibliografia nazionale | |
| Fonte | IT |
| Numero della bibliografia nazionale | 583070 |
| 040 ## - Fonte della catalogazione | |
| Lingua della catalogazione | ita |
| Agenzia che fa la trascrizione | importazione bologna sebina |
| 041 #7 - Codice di lingua | |
| Codice di lingua del testo/traccia sonora o titolo separato | ita |
| Fonte del codice | ISO-639-2 |
| 082 ## - Numero di classificazione Decimale Dewey | |
| Numero di classificazione | 220.9 |
| -- | STORIA E GEOGRAFIA BIBLICA |
| Numero dell'edizione | 15 |
| 100 1# - Accesso principale -- nome di persona | |
| Nome di persona | Cooper, Alfred Duff |
| Numero del record di authority o numero standard | IT\ICCU\RAVV\035261 |
| Relazione: | aut |
| 240 10 - Titolo uniforme | |
| Titolo uniforme | David. |
| -- | IT\ICCU\SBL\0488181 |
| 9 (RLIN) | Cooper, Alfred Duff |
| 245 10 - Formulazione del titolo | |
| Titolo | Davide / |
| Formulazione di responsabilità, ecc. | Duff Cooper. |
| 260 ## - Pubblicazione, distribuzione, ecc. (stampa) | |
| Luogo di pubblicazione, distribuzione, ecc. | Milano : |
| Nome dell'editore, distributore, ecc. | Longanesi, |
| Data di pubblicazione, distribuzione, ecc. | 1958 |
| 300 ## - Descrizione fisica | |
| Estensione | 282 p. ; |
| Dimensioni | 19 cm |
| 500 ## - Nota generale | |
| Nota generale | Trad. di Adriana Usiglio. |
| 650 #7 - Accesso aggiunto di soggetto--termine topico | |
| Termine topico o nome geografico come accesso | David |
| 700 1# - Accesso aggiunto--nome di persona | |
| Nome di persona | Usiglio, Adriana |
| Numero del record di authority o numero standard | IT\ICCU\SBLV\228349 |
| 790 1# - | |
| -- | Cooper, Duff |
| -- | IT\ICCU\RAVV\298958 |
| -- | Cooper, Alfred Duff |
| 790 1# - | |
| -- | Duff Cooper, Alfred |
| -- | IT\ICCU\RAVV\298961 |
| -- | Cooper, Alfred Duff |
| 830 #2 - Accesso aggiunto di serie--titolo uniforme | |
| Titolo uniforme | I marmi ; |
| Numero del volume/designazione di sequenza | 17 |
| Numero del record di authority o numero standard | IT\ICCU\CFI\0048930 |
| 942 ## - Dati aggiuntivi (Koha) | |
| Fonte della classificazione o dello schema di collocazione (segnatura) | Classificazione decimale Dewey |
| Tipo copia default (Koha) | Libri |
| Nasconto in Opac | No |
| Status ritirato | Status smarrito: | Status danneggiato: | Escluso dal prestito | Biblioteca di appartenenza | Biblioteca corrente | Data di acquisti | Numero d'inventario | Totale prestiti | Collocazione | Codice a barre | Data ultima revisione | Prezzo effettivo da | Tipo copia default (Koha) | Nota pubblica |
|---|---|---|---|---|---|---|---|---|---|---|---|---|---|---|
| BOLOGNA | Centro di Documentazione "Flavia Madaschi" Cassero LGBTQIA+ Center | BOLOGNA | Centro di Documentazione "Flavia Madaschi" Cassero LGBTQIA+ Center | 15/01/2026 | 71 | DOC 220.092 COO | BO71 | 15/01/2026 | 15/01/2026 | Libri | 1 v. |